| 000 | 00402 a2200157 4500 | ||
|---|---|---|---|
| 001 | 159221 | ||
| 020 | _a | ||
| 040 | _cMagnum | ||
| 100 | _aBurns, William A. | ||
| 240 | 1 | 0 |
_aEnciclopedia historica/v.4 - o homem e suas ferramentas _lpor |
| 245 | 1 | 0 | _aEnciclopedia historica/v.4 - o homem e suas ferramentas |
| 362 | 0 | _a1899 | |
| 440 | 1 | _aRecord | |
| 697 | _aMAGNITO: ENCICLOPEDIAS | ||
| 942 | _cBK | ||
| 999 |
_c159221 _d159221 |
||